Sổ tay rèn luyện sự tự tin

Αποθηκεύτηκε σε:
Λεπτομέρειες βιβλιογραφικής εγγραφής
Κύριος συγγραφέας: Trí Đức
Μορφή: Βιβλίο
Γλώσσα:Undetermined
Έκδοση: Hà Nội Thanh Niên 1998
Θέματα:
Ετικέτες: Προσθήκη ετικέτας
Δεν υπάρχουν, Καταχωρήστε ετικέτα πρώτοι!
Thư viện lưu trữ: Trung tâm Học liệu Trường Đại học Cần Thơ
LEADER 00520nam a2200193Ia 4500
001 CTU_35640
008 210402s9999 xx 000 0 und d
020 |b 12.000đ 
082 |a 158.1 
082 |b Tr300 
100 |a Trí Đức 
245 0 |a Sổ tay rèn luyện sự tự tin 
245 0 |c Trí Đức 
260 |a Hà Nội 
260 |b Thanh Niên 
260 |c 1998 
650 |a psychology, applied 
904 |i Minh, 000307 
980 |a Trung tâm Học liệu Trường Đại học Cần Thơ